00308nam a2200109 a 450000500170000000800410001705000180005810000220007624500440009826000350014244000210017720140414132110.0100901s19uu xx 00 eng d aFICbSt5 2005 aStilton, Geronimo aThe mysterious cheese thief :bBook 31. aNew York :bScholastic,c2005. aGeronimo Stilton